000 00634nam a22001937a 4500
999 _c15364
_d15364
003 AR-CdUCM
008 190426b ||||| |||| 00| 0 spa d
020 _a978-958-30-2143-5
040 _aMUNICIPALIDAD PROVINCIAL DEL CUSCO
_cBIBLIOTECA MUNICIPAL DEL CUSCO
082 _aPI / 803 /
_bD73
100 _aDoinet, Mymi
_934407
245 _aLos otros y yo :
_bDaniel no quiere salir de la cama /
260 _aBogotá :
_bPanamericana,
_c2006.
300 _a24 páginas ;
_c22 cm.
_bIlustraciones,
650 _aHistoria infantil
_931275
700 _aBadran Padauí, Pedro
_934408
942 _2ddc
_cLIBROS
945 _arah
_d26/04/2019